000 00976nam a22003017a 4500
003 CHAP
005 20220329140610.0
008 971013s1984 r 10010 d
010 _a54548
011 _a55520
035 _a59672
040 _cCHAP
082 _a338.76363
_bS4
111 0 0 _aSeminario sobre la Alimentación en México (
_d1984
_c: México, D.F.)
_9104305
245 _a(Memorias)
260 _aMéxico, D.F. :
_bUNAM. Instituto de Geografía,
_c1984
300 _a187 p.
590 _aBATCH-UPD
_b10
_c20130110
_lUCH01
_h0654
590 _aBATCH-UPD
_b10
_c20130410
_lUCH01
_h0339
590 _aBATCH-UPD
_b10
_c20130914
_lUCH01
_h1843
590 _aCONVERSION
_b10
_c20130109
_lUCH01
_h1329
650 1 4 _aNutrición
_xCongresos.
_982251
650 1 4 _aNutrición
_xMéxico.
_982263
901 _aBK
942 _cLIBRO
949 _a338.76363 S4
_bBC
_cCONG
_d-128973
_eCONG
_h63553
_i59672
_si
949 _a338.76363 S4
_bBC
_cCONG
_d-128974
_eCONG
_fc.2
_h63554
_i59672
_si
999 _c54548
_d54548